Notes historiques de la vida (Record no. 98397)

MARC details
000 -LEADER
campo de control de longitud fija 00664nam a2200181 i 4500
001 - NÚMERO DE CONTROL
campo de control 98397
003 - IDENTIFICADOR DE NÚMERO DE CONTROL
campo de control ES-MaACL
005 - FECHA Y HORA DE LA ÚLTIMA TRANSACCIÓN
campo de control 20230906182257.0
007 - CAMPO FIJO DE DESCRIPCIÓN FÍSICA--INFORMACIÓN GENERAL
campo de control de longitud fija t|
008 - DATOS DE LONGITUD FIJA--INFORMACIÓN GENERAL
campo de control de longitud fija 050728s1956 sp |||| | cat d
100 1# - ENTRADA PRINCIPAL--NOMBRE DE PERSONA
Nombre de persona Martí y Vila, Carlos.
9 (RLIN) 77247
245 10 - MENCIÓN DEL TÍTULO
Título Notes historiques de la vida
Resto del título : estampes santboianes del segle XVII /
Mención de responsabilidad, etc. por Carles Martí i Viláa ; próleg del Dr. D. Frederic Udina Martorell.
260 ## - PUBLICACIÓN, DISTRIBUCIÓN, ETC.
Lugar de publicación, distribución, etc. Sant Boi del Llobregat :
Nombre del editor, distribuidor, etc. Biblioteca Popular,
Fecha de publicación, distribución, etc. 1956.
300 ## - DESCRIPCIÓN FÍSICA
Extensión XIV, 151 p. ;
Dimensiones 20.
651 #4 - PUNTO DE ACCESO ADICIONAL DE MATERIA--NOMBRE GEOGRÁFICO
Nombre geográfico Sant Boi de Llobregat-
Subdivisión general Historia.
9 (RLIN) 170936
700 1# - ENTRADA AGREGADA--NOMBRE PERSONAL
Nombre de persona Udina i Martorell, Frederic (
Fechas asociadas al nombre 1914-2011)
9 (RLIN) 111869
852 ## - LOCALIZACIÓN
Ubicación ES-MaACL
Número de control de estantería C-5850
Holdings
Estatus retirado Estado de pérdida Estado de daño No para préstamo Biblioteca de origen Biblioteca actual Ubicación en estantería Fecha de adquisición Fuente de adquisición Total de préstamos Signatura topográfica completa Código de barras Visto por última vez Precio de reemplazo Tipo de ítem Koha
        Biblioteca del Ateneo de Madrid Biblioteca del Ateneo de Madrid Sala Palomar 17/01/2008     C-5850 1102717 23/02/2023 23/02/2023 Libro impreso